| 000 | 01046aam a22003254a 4500 | ||
|---|---|---|---|
| 001 | 48653 | ||
| 005 | 20230410123644.0 | ||
| 008 | 980908s1998 sp k 000 0 spa | ||
| 010 | _a 98193337 | ||
| 035 | _a(OCoLC)ocm44883858 | ||
| 040 |
_aDLC _cDLC |
||
| 020 | _a8477771766 | ||
| 020 | _a9788477771760 | ||
| 035 | _a(OCoLC)44883858 | ||
| 041 | 0 | _aspacat | |
| 042 | _apcc | ||
| 043 | _ae-sp--- | ||
| 050 | 1 | 4 |
_aKKT 5674.8 _bR696e 1998 |
| 100 | 1 | _aRodríguez Toyos, Pedro. | |
| 245 | 1 | 0 |
_aExpropiación forzosa por el procedimiento de urgencia : _baproximación práctica y formulario básico / _cPedro Rodríguez Toyos. |
| 260 |
_aOñati : _bInstituto Vasco de Administración Pública, _c1998. |
||
| 300 |
_a217 p. : _bforms ; _c24 cm. |
||
| 440 | 0 | _aColección Urbanismo y medio ambiente | |
| 650 | 0 |
_aEminent domain _zSpain _zPaís Vasco. |
|
| 650 | 0 |
_aEminent domain _zSpain _zPaís Vasco _vForms. |
|
| 710 | 2 | _aInstituto Vasco de Administración Pública. | |
| 942 |
_2lcc _cbk |
||
| 946 | _aclperez | ||
| 994 |
_aC0 _bDRFGD |
||
| 999 |
_c65693 _d65693 |
||